Statistics for Disney Songs

Click here to take the quiz!

General Stats

  • This quiz has been taken 821 times
  • The average score is 12 of 15

Answer Stats

Hint Answer % Correct
ReflectionMulan
93%
For the First Time in ForeverFrozen
91%
One Day my Prince Will ComeSnow White
89%
Once Upon a DreamSleeping Beauty
88%
Part of Your WorldThe Little Mermaid
88%
Can You Feel the Love TonightThe Lion King
88%
I See the LightTangled
85%
Just Around the RiverbendPocahontas
85%
One Jump AheadAladdin
82%
Go the DistanceHercules
82%
So This is LoveCinderella
79%
When You Wish Upon a StarPinocchio
78%
Almost ThereThe Princess and the Frog
63%
Two WorldsTarzan
57%
When She Loved MeToy Story 2
47%

Score Distribution

Percentile by Number Answered

Percent of People with Each Score

Your Score History

You have not taken this quiz